| 000 | 01262cam a22003134a 4500 | ||
|---|---|---|---|
| 001 | 11934143 | ||
| 003 | OSt | ||
| 005 | 20140203131724.0 | ||
| 008 | 000307s2000 ne a b 011 0 eng | ||
| 010 | _a 00029265 | ||
| 020 | _a9004117636 (cloth : alk. paper) | ||
| 040 |
_aDLC _cDLC _dDLC |
||
| 041 | 0 | _aengarb | |
| 042 | _apcc | ||
| 043 | _ama----- | ||
| 050 | 0 | 0 |
_aPJ7538 _b.T73 2000 |
| 082 | 0 | 0 |
_a892.7/09006 _221 |
| 245 | 0 | 0 |
_aTradition, modernity, and postmodernity in Arabic literature : _bessays in honor of professor Issa J. Boullata / _cedited by Kamal Abdel-Malek & Wael Hallaq. |
| 260 |
_aLeiden ; _aBoston : _bBrill, _c2000. |
||
| 300 |
_axv, 414 p. : _bill. ; _c25 cm. |
||
| 504 | _aIncludes bibliographical references and index. | ||
| 650 | 0 |
_aArabic literature _y20th century _xHistory and criticism. _924348 |
|
| 700 | 1 |
_aBoullata, Issa J., _d1929- _924349 |
|
| 700 | 1 |
_aAbdel-Malek, Kamal. _924350 |
|
| 700 | 1 |
_aHallaq, Wael B., _d1955- _97627 |
|
| 906 |
_a7 _bcbc _corignew _d1 _eocip _f20 _gy-gencatlg |
||
| 942 |
_2lcc _cBK |
||
| 999 |
_c58424 _d58398 |
||